|
|
|
|
| LEADER |
00000nam a22000007a 4500 |
| 005 |
2016083100140.0 |
| 007 |
cr|||| |||| |
| 008 |
160831s2009 sp |||||s|||| 001 0 spa d |
| 020 |
|
|
|a 978-84976-8699-0
|
| 035 |
|
|
|a 5260
|
| 040 |
|
|
|a vLex
|
| 090 |
|
|
|c 6229
|d 6229
|
| 245 |
0 |
0 |
|a Actas de derecho industrial y derecho de autor.
|h [Recurso electrn̤ico] /
|c Instituto de Derecho Industrial de la Universidad de Santiago de Compostela;
|n Tomo XXIX (2008)
|
| 256 |
|
|
|6 Servicio en ln̕ea
|
| 260 |
|
|
|a [Santiago de Compostela] :
|b Universidad de Santiago de Compostela, Departamento de Derecho Mercantil y del Trabajo ;
|
| 260 |
|
|
|a Madrid :
|b Marcial Pons
|c [2009]
|
| 300 |
|
|
|a 1560 p.
|
| 506 |
1 |
|
|a Contenido solo disponible en los productos indicados
|d vLex Global
|d vLex Global (Academic Edition, excluding Law Schools)
|d vLex Global (U.S. Academic Edition, Law Schools)
|d vLex Global (U.S. Academic Edition, excluding Law Schools)
|d vLex Global (Academic Edition, Law Schools)
|
| 650 |
0 |
7 |
|a Derecho industrial
|2 Tesauro vLex
|
| 650 |
0 |
7 |
|a Industrias
|2 Tesauro vLex
|
| 650 |
0 |
7 |
|a Propiedad industrial
|2 Tesauro vLex
|
| 650 |
0 |
7 |
|a Derechos de autor
|2 Tesauro vLex
|
| 710 |
2 |
|
|a Universidad de Santiago de Compostela.
|b Instituto de Derecho Industrial
|
| 740 |
0 |
|
|a vLex Libros (Servicios en ln̕ea)
|
| 856 |
4 |
0 |
|u http://vlex.com/source/5260
|z Acceso restringido
|
| 942 |
|
|
|c BOOK
|